ბათუმის შოთა რუსთაველის სახელმწიფო უნივერსიტეტის ბიბლიოთეკა

მთა და მოყმე (ბიბ.ჩანაწერი № 42650)

000 -LEADER
fixed length control field 00918nam a2200217Ia 4500
001 - CONTROL NUMBER
control field 9354
003 - CONTROL NUMBER IDENTIFIER
control field GE_BSU
008 - FIXED-LENGTH DATA ELEMENTS--GENERAL INFORMATION
fixed length control field 181216s||||||||xx |||||||||||||| ||und||
040 ## - CATALOGING SOURCE
Transcribing agency GE_BSU
080 ## - UNIVERSAL DECIMAL CLASSIFICATION NUMBER
Universal Decimal Classification number 821.353.1–4+796.525(479.22)(092)
100 ## - MAIN ENTRY--PERSONAL NAME
Personal name გოთუა,ლ., ყიფიანი ედ. და სხვ.
245 ## - TITLE STATEMENT
Title მთა და მოყმე
245 ## - TITLE STATEMENT
Remainder of title მხატვრული ნარკვევების კრებული შხარას მწვერვალზე დაღუპულ ალპინისტ გ.თიკანაძეზე
245 ## - TITLE STATEMENT
Statement of responsibility, etc. რედ.ა.ბრეგაძე.მხატვ.გ.ოჩიაური
260 ## - PUBLICATION, DISTRIBUTION, ETC.
Place of publication, distribution, etc. თბილისი
260 ## - PUBLICATION, DISTRIBUTION, ETC.
Name of publisher, distributor, etc. ნაკადული
260 ## - PUBLICATION, DISTRIBUTION, ETC.
Date of publication, distribution, etc. 1965
300 ## - PHYSICAL DESCRIPTION
Extent 85გვ.5ფ.ილ. და პორტრ.16სმ.
653 ## - INDEX TERM--UNCONTROLLED
Uncontrolled term მთა და მოყმე
942 ## - ADDED ENTRY ELEMENTS (KOHA)
Koha item type წიგნი
ეგზემპლარები
Withdrawn status Lost status Damaged status Not for loan Date acquired Barcode Date last seen Price effective from Koha item type
        2018-12-17 32313 2018-12-17 2018-12-17 წიგნი